000 00548nam a2200181Ia 4500
008 090124s9999 xx 000 0 und d
082 _b8088
100 _aहसमनीस. द. का.
245 _a चांदीची गदा
250 _a1
260 _bय़ुवराज प्रकाशन
_c1976
300 _a180
600 _aहसमनीस. द. का.
630 _a चांदीची गदा
700 _aहसमनीस. द. का.
730 _a चांदीची गदा
942 _cBOOK
999 _c84876
_d84876